| 000 | 01352nam a2200289Ia 4500 | ||
|---|---|---|---|
| 999 |
_c36422 _d36422 |
||
| 001 | 2336 | ||
| 003 | GE_BSU | ||
| 005 | 20190529201151.0 | ||
| 008 | 181216s2009||||ge |||||||||||||| ||geo|| | ||
| 020 | _a9789941409233 | ||
| 040 | _cGE_BSU | ||
| 041 | _ageo | ||
| 080 | _a637(035) მ–62 | ||
| 245 |
_cავტ.: გ. ჯაყელი, მ. საგინაძე, ი. ძირკვაძე, ზ. მახარაძე ; რედ. ო. შაინიძე. _aმეცხოველეობა : _bსახელმძღვ. ცნობარი ფერმერთათვის / |
||
| 264 |
_aბათუმი : _bშოთა რუსთაველის სახელმწ. უნ-ტის გამ-ბა, _c2009. |
||
| 300 |
_a40 გვ.; _b20 სმ. |
||
| 504 | _a ბიბლიოგრ.: გვ. 40. | ||
| 541 | _h2ლ. | ||
| 653 | _aმეცხოველოება | ||
| 653 | _aცნობარები | ||
| 700 |
_aჯაყელი, გ. _eავტორი _91813 |
||
| 700 |
_aსაგინაძე, მ. _eავტორი _91814 |
||
| 700 |
_aძირკვაძე, ი. _eავტორი _91806 |
||
| 700 |
_aმახარაძე, ზ. _eავტორი _91800 |
||
| 700 |
_aშაინიძე, ო. _eრედაქტორი _91798 |
||
| 942 |
_cBK _2udc |
||